Capital to Country Click Quiz - Asia - Statistics

General Stats
  • This quiz has been taken 179 times
  • The average score is 39 of 48
Answer Stats
Hint Answer % Correct
Beijing China
98%
Seoul South Korea
96%
New Delhi India
94%
Tokyo Japan
94%
Jerusalem Israel
93%
Kuwait City Kuwait
93%
Kuala Lumpur Malaysia
93%
Bangkok Thailand
93%
Manila Philippines
92%
Singapore Singapore
92%
Taipei Taiwan
92%
Hanoi Vietnam
92%
Pyongyang North Korea
91%
Abu Dhabi United Arab Emirates
90%
Kabul Afghanistan
88%
Jakarta Indonesia
88%
Tehran Iran
88%
Riyadh Saudi Arabia
88%
Baghdad Iraq
87%
Sri Jayawardenepura Kotte Sri Lanka
87%
Ankara Turkey
87%
Tbilisi Georgia
86%
Beirut Lebanon
86%
Ulaanbaatar Mongolia
86%
Kathmandu Nepal
86%
Damascus Syria
86%
Phnom Penh Cambodia
84%
Doha Qatar
84%
Nicosia Cyprus
83%
Islamabad Pakistan
83%
Muscat Oman
81%
Baku Azerbaijan
80%
Dhaka Bangladesh
78%
Malé Maldives
77%
Yerevan Armenia
76%
Amman Jordan
76%
Astana Kazakhstan
76%
Dili East Timor
74%
Sana‘a Yemen
74%
Vientiane Laos
71%
Manama Bahrain
64%
Thimphu Bhutan
61%
Naypyidaw Myanmar
60%
Tashkent Uzbekistan
60%
Bandar Seri Begawan Brunei
59%
Bishkek Kyrgyzstan
59%
Ashgabat Turkmenistan
58%
Dushanbe Tajikistan
47%
No matching quizzes found
Score Distribution
Percent of People with Each Score
Percentile by Number Answered
Your Score History
You have not taken this quiz